Стратегия энергетического развития Томской области с точки зрения экологии; Современные техника и технологии; Т. 1.

書誌詳細
Parent link:Современные техника и технологии=Modern Technique and Technologies: IX Международная научно-практическая конференция студентов, аспирантов и молодых ученых, г. Томск, 7-11 апреля 2003 г./ Томский политехнический университет; отв. ред. А. С. Заворин.— , 2003-
Т. 1..— 2003.— С. 75-76
第一著者: Сирина Н. В.
その他の著者: Руди В. В.
言語:ロシア語
出版事項: 2003
主題:
フォーマット: MixedMaterials 図書の章
KOHA link:https://koha.lib.tpu.ru/cgi-bin/koha/opac-detail.pl?biblionumber=116872

MARC

LEADER 00000naa2a2200000 4500
001 116872
005 20231031123438.0
035 |a (RuTPU)RU\TPU\book\126475 
090 |a 116872 
100 |a 20070529d2003 k y0rusy50 ca 
101 0 |a rus 
102 |a RU 
200 1 |a Стратегия энергетического развития Томской области с точки зрения экологии  |f Н. В. Сирина, В. В. Руди 
320 |a Библиогр.: 2 назв. 
461 1 |0 (RuTPU)RU\TPU\book\64647  |t Современные техника и технологии  |l Modern Technique and Technologies  |o IX Международная научно-практическая конференция студентов, аспирантов и молодых ученых, г. Томск, 7-11 апреля 2003 г.  |o труды: В 2 т.  |f Томский политехнический университет; отв. ред. А. С. Заворин  |d 2003- 
463 1 |0 (RuTPU)RU\TPU\book\64489  |y 5-98298-037-4  |t Т. 1.  |v С. 75-76  |d 2003  |p 321 с. 
610 1 |a Томская область 
610 1 |a энергетика 
610 1 |a экология 
610 1 |a стратегия 
610 1 |a энергетическая стратегия 
610 1 |a труды учёных ТПУ 
700 1 |a Сирина  |b Н. В. 
701 1 |a Руди  |b В. В. 
801 1 |a RU  |b 63413507  |c 20070529  |g PSBO 
801 2 |a RU  |b 63413507  |c 20140601  |g RCR 
942 |c BK